Successful Innovation : Towards a New Theory for the Management of Small and Medium-sized Enterprises /

Kaydedildi:
Detaylı Bibliyografya
Yazar: Cobbenhagen, Jan (autor)
Materyal Türü: Kitap
Dil:İngilizce
Baskı/Yayın Bilgisi: Cheltenham, Inglaterra : Edward Elgar, 2000, c2000
Seri Bilgileri:(New Horizons in the Economics of Innovation)
Konular:
Etiketler: Etiketle
Etiket eklenmemiş, İlk siz ekleyin!

MARC

LEADER 00000nam^a2200000^a^4500
001 000192627
005 20250521000000.0
009 20260310102615.264
020 |a 1-84064-388-9 
037 |a Acervo ITESO - Biblioteca 
041 |a ING 
082 |a 658. 022  |b COB 
100 |a Cobbenhagen, Jan  |e (autor) 
245 1 0 |a Successful Innovation :  |b Towards a New Theory for the Management of Small and Medium-sized Enterprises /  |c J. Cobbenhagen. 
264 4 |a Cheltenham, Inglaterra :  |b Edward Elgar,  |c 2000, c2000 
300 |a XIV, 356 p. 
336 |a texto  |b txt  |2 rdacontenido 
337 |a sin mediación  |b n  |2 rdamedio 
338 |a volumen  |b nc  |2 rdasoporte 
440 1 |a (New Horizons in the Economics of Innovation) 
649 |a XX 
650 |a Pequeña Empresa -  |x Administración 
650 |a Mediana Empresa -  |x Administración 
650 |a Empresas -  |x Administración 
650 |a Desarrollo Tecnológico 
650 |a Competitividad 
650 |a Innovación Administrativa -  |x Tema Principal 
650 |a Cambio Organizacional 
650 |a Proceso Administrativo -  |x Dirección 
650 |a Administración 
650 |a Ciencias Administrativas 
910 |a Fondo General 
920 |a Impresos - Libros 
930 |a Colección General 
905 |a 101 
901 |a 0500136733  |b IT1  |c ACC  |u 20250521 
902 |a https://opac.biblio.iteso.mx/vufind/Record/000192627